000 00281nam a2200109Ia 4500
005 20251222114350.0
008 251222s1900||||xx |||||||||||||| ||spa||
082 _aDVD0040/J13/2003
245 0 _aEl SeƱor de los anillos: El retorno del rey
264 _bNew Line Cinema
942 _cDVD
999 _c1209
_d1209